Guess Actors (and Actress) by iconic roles - Statistics

General Stats
  • This quiz has been taken 156 times
  • The average score is 24 of 50
Answer Stats
Roles Actor % Correct
Iron man; Sherlock Holmes Robert Downey Jr
94%
Captain Jack Sparrow; Edward Scissorhands Johnny Depp
93%
Forrest gump; Carl Hanratty Tom Hanks
87%
Maverick; Ethan Hunt Tom Cruise
83%
Doctor Strange; Sherlock Holmes Benedict Cumberbatch
81%
Black Widow; Mary Boleyn Scarlett Johansson
81%
Captain America; Human Torch Chris Evans
78%
Deadpool; Green Lantern Ryan Reynolds
78%
Indiana Jones; Han Solo Harrison Ford
77%
Harley Quinn; Barbie Margot Robbie
75%
Thor; Tyler Rake Chris Hemsworth
74%
J. Robert Oppenheimer; Tommy Shelby Cillian Murphy
71%
Hannibal Lecter; Odin Anthony Hopkins
67%
Katniss Everdeen; Raven Darkholme Jennifer Lawrence
67%
Joker; Ennis Del Mar Heath Ledger
63%
Edward Cullen; Batman Robert Pattinson
62%
Gwen Stacy; Cruella Emma Stone
60%
Dylan Rhodes; Hulk Mark Ruffalo
60%
Spider-man; Jonathan Larson Andrew Garfield
59%
Joker; Kommodus Joaquin Phoenix
59%
Superman; Sherlock Holmes Henry Cavill
58%
Achilles; Tyler Durden Brad Pitt
56%
Scarlet Witch; Candy Montgomery Elizabeth Olsen
55%
Albus Dumbledore; John Watson Jude Law
52%
Dominic Toretto; Groot Vin Diesel
50%
Dracula; Sirius Black Gary Oldman
48%
Robin Hood; Maximus Russell Crowe
48%
Gamora; Neytiri Zoe Saldana
48%
Hulk; Derek Vinyard Edward Norton
43%
Bilbo Baggins; John Watson Martin Freeman
37%
Galadriela; Lady Marion Cate Blanchett
34%
Joker; Paul Allen Jared Leto
34%
Nebula; Ruby Roundhouse Karen Gillan
34%
James T. Kirk; Steve Trevor Chris Pine
33%
Daenerys Targaryen; G'iah Emilia Clarke
32%
Robin Hood; John Dutton Kevin Costner
31%
Green Goblin; Thomas Wake Williem Dafoe
29%
Hannibal Lecter; Gellert Grindelwald Mads Mikkelsen
26%
Ten Doctor; Crowley David Tennant
25%
Magneto; Walter Michael Fassbender
25%
Joel; Oberyn Martell Pedro Pascal
24%
Kate Bishop; Emily Dickinson Hailee Steinfeld
23%
The Wasp; Tauriel Evangeline Lilly
21%
Quicksilver; Tate Langdon Evan Peters
18%
Bianca; Valkyrie Tessa Thompson
17%
Paul Atryda; Elio Perlman Timothee Chalamet
17%
Jadis; Helena Markos Tilda Swinton
13%
Gandalf; Magneto Ian McCallen
6%
Esther; Clove isabelle Fuhrman
6%
Lorraine Warren; Kate Coleman Vera Framiga
0%
No matching quizzes found
Score Distribution
Percent of People with Each Score
Percentile by Number Answered
Your Score History
You have not taken this quiz